000 00397nam a2200169Ia 4500
005 20250603145454.0
008 250603s9999 xx 000 0 und d
020 _a81-219-2014-0
050 _aHD 58.7 .K43/
100 _aKhanka, S.S.
245 0 _aOrganisational behavior : text and cases
260 _aNew Delhi
260 _c2006
300 _a377 p
650 _aNew Delhi
942 _cBK
999 _c41956
_d41956